000 00837nam a22002531 4500
001 179260
003 ES-MaACL
005 20230906220726.0
008 111018s1965 sp |||| | spa d
080 _a331.88(85)
080 _a331.88(81)
100 1 _aBourricaud, François.
_9148321
245 1 3 _aEl sindicalismo en Latinoamérica
_b: (Los casos de Perú y Brasil) /
_cFrançois Bourricaud y Azis Simao ; traducción, José Mas Godayol.
260 _aBarcelona :
_bNova Terra,
_c[1965]
300 _a59 p., 1 h. ;
_c20 cm.
490 1 _aTiempo de hacer ;
_v7
650 4 _aSindicatos-
_zPerú.
_9148322
650 4 _aSindicatos-
_zBrasil.
_9148323
700 1 _aSimao, Azis.
_9148324
700 0 _aMas Godayol, José.
_978634
830 0 _aTiempo de hacer ;
_v7
_9182079
852 _aES-MaACL
_jL-9428
999 _c179260
_d179260